| 000 | 00891cam a22002295a 4500 | ||
|---|---|---|---|
| 001 | L158458 | ||
| 008 | 150309s2015 xxk f 000 0 eng d | ||
| 020 | _a9781910661178 | ||
| 035 | _a(Sirsi) u158458 | ||
| 041 | 0 | _aeng | |
| 100 | 1 | _aRodell, Anne | |
| 245 | 0 | 0 |
_aCommercial property _h[electronic resource] |
| 260 |
_aLondon _bCollege of Law _c2015 |
||
| 300 | _aeBook | ||
| 520 | _aProvides a comprehensive introduction to commercial property law. Part 1 deals with aspects of site acquisition including raising finance, contractural matters, planning, environment and taxation. Part 2 focuses on commercial leases Part 3 on insolvency issues. | ||
| 590 | _aKA | ||
| 650 | 2 | 4 | _aEBOOK |
| 651 | 4 | _aENGLAND AND WALES | |
| 690 |
_aCommercial property _96227 |
||
| 856 | 4 | 0 |
_uhttps://www.vlebooks.com/ _zView on VLEbooks. Logins for members only from [email protected] |
| 942 | _n0 | ||
| 999 |
_c115320 _d115320 |
||